000 02075cam a2200169 4500500
005 20260208001852.0
041 _afre
042 _adc
100 1 0 _aEmmanouilidou, Lina
_eauthor
245 0 0 _aL’ordre public et la mer, Actes du colloque de Brest des 12 et 13 mai 2011, sous la direction d’Annie CUDENNEC, Pedone, 2012, 270 pages
260 _c2015.
500 _a54
520 _aLa présente chronique de droit international de l’environnement aborde dans un premier temps les problématiques sectorielles à savoir l’eau, le milieu marin, l’air et le climat, le sol ainsi que la biodiversité. Elle s’intéresse dans un second temps à la protection de l’environnement dépassant les réglementations sectorielles en abordant les thématiques suivantes : protection de l’environnement dans son ensemble, protection transversale, environnement et commerce, environnement et conflits armés, régimes territoriaux de protection et individualisation (droits à l’environnement, responsabilité civile). Les sources prises en compte sont les traités, les instruments non obligatoires ainsi que les décisions de justice les plus marquants.
520 _aThe present column covers the developments in the field of International Environmental Law over the last five yearsFirst, it deals with sectorial issues such as protection of water, marine environment, air and climate, soil and biodiversity. Secondly it considers environmental protection as a whole, transsectorial protection, environment and trade, environment and armed conflicts, territorial protection regimes (such as mountain areas) and individualization of international environmental law (rights to a healthy environment ; liability regimes). The legal sources taken into account are significant treaties, soft law instruments and judicial decisions.
786 0 _nRevue juridique de l’environnement | Volume 40 | 2 | 2015-06-23 | p. 386a-391a | 0397-0299
856 4 1 _uhttps://droit.cairn.info/revue-juridique-de-l-environnement-2015-2-page-386a?lang=fr&redirect-ssocas=7080
999 _c1645567
_d1645567